000 01233nam a22003497a 4500
001 035
003 DO-SdBPM
005 20250616120328.0
007 ta
008 151005b 1992 sp 00| 0 spa d
020 _a8434825732
040 _aDO-SdBPM
_bspa
_cBPMSU
_erda
082 4 _a823.91
_bW266s 1992
_222
100 1 _aWardle, Terry
_eautor
245 1 0 _aLa suma más difícil del mundo /
_cTerry Wardle ; ilustración Benoit Jacques ; traducción María Cristina Espejer ; dirección de la colección Marinella Terzi
250 _a4a. ed.
264 _aMadrid :
_bEdiciones SM,
_c1992.
300 _a119 páginas :
_bilustración ;
_c19 cm.
336 _atexto
_btxt
_2rdacontent
337 _asin mediación
_bn
_2rdamedia
338 _avolumen
_bnc
_2rdacarrier
490 0 _aEl barco de vapor ;
_aSerie naranja,
_v54
500 _aA partir de 9 años
534 _pTítulo original :
_tThe hardest sum in the world
_a
590 _aInventariado, 2025/VM
650 7 _aLiteratura infantil inglesa.
700 1 _aJacques, Benoit,
_eilustración
700 1 _aEspejel, María Cristina,
_etraducción
700 1 2 _aTerzi, Marinella,
_edir. colección
910 _aVMateo V. Control de calidad. BPMSU
942 _2ddc
_cBK
999 _c8372
_d8372